Países "-stão" - Statistics

Estatísticas Gerais
  • Esse quiz foi jogado 24 890 vezes
  • A pontuação média é 6 de 7
Estatísticas das Respostas
País % Correto
Paquistão
92%
Cazaquistão
86%
Afeganistão
85%
Turquemenistão
85%
Uzbequistão
85%
Quirguistão
79%
Tajiquistão
73%
Nenhum quiz correspondente encontrado
Distribuição das Pontuações
Porcentagem de Pessoas com Cada Pontuação
Percentil de Números Respondidos
Sua Pontuação Histórica
Você não jogou esse quiz